Integrace přistěhovalců v Evropě

Problematika integrácie imigrantov v Európe. Príspevok popisuje dôležité aspekty tohto javu, politiky a postupy k jeho úspešnému zvládnutiu. Uvádza výhody a nevýhody plynúce z imigrácie ako takej.

Salvato in:
Dettagli Bibliografici
Autore principale: Drábek, Jaroslav
Natura: Capitolo di libro
Lingua:ceco
Soggetti:
Tags: Aggiungi Tag
Nessun Tag, puoi essere il primo ad aggiungerne!!

MARC

LEADER 00000nla a2200000 4500
001 0159635
005 20221103134416.4
041 0 |a cze 
044 |a SK 
245 1 0 |a Integrace přistěhovalců v Evropě  |c Jaroslav Drábek 
520 |a Problematika integrácie imigrantov v Európe. Príspevok popisuje dôležité aspekty tohto javu, politiky a postupy k jeho úspešnému zvládnutiu. Uvádza výhody a nevýhody plynúce z imigrácie ako takej. 
610 2 0 |a imigrácia 
610 2 0 |a azyl 
610 2 0 |a solidarita 
610 2 0 |a tolerancia 
610 2 0 |a Európa 
100 1 |a Drábek, Jaroslav